000 00537nam a22001817a 4500
003 CEME
005 20210628210138.0
008 210215b xxu||||| |||| 00| 0 eng d
020 _a0-8247-7593-7
040 _c.
082 _a670.285 STA
100 _aStark, Joh
_978293
245 _aPractical cad-cam applications what every engineer should know about
260 _aNEW YORK
_bMARCEL DEKKER
_c1986
300 _a254P
650 _aCAD-CAM SYSTEM COMPUTER AIDED DESIGN ENGINEERING DESIGN-DATA PROCESSING
_978294
942 _cBK
_2ddc
999 _c583438
_d583438